Organizaciones no gubernamentales /

Las organizaciones no gubernamentales (ONG) son un apoyo en el campo económico, político y social, y desde hace más de dos décadas, han venido ofreciendo ayuda a los pueblos como una posibilidad más de desarrollo, en países que de una u otra forma tendrían muy poca opción de hacerlo. El estudio proc...

全面介紹

Guardado en:
書目詳細資料
主要作者: González Chacón, Róger
格式: Texto
主題:
標簽: 添加標簽
沒有標簽, 成為第一個標記此記錄!

MARC

LEADER 00000 a a2200000 04500
001 8270
003
040
100 |a González Chacón, Róger  
245 |a Organizaciones no gubernamentales /  |c Róger González Chacón 
520 |a Las organizaciones no gubernamentales (ONG) son un apoyo en el campo económico, político y social, y desde hace más de dos décadas, han venido ofreciendo ayuda a los pueblos como una posibilidad más de desarrollo, en países que de una u otra forma tendrían muy poca opción de hacerlo. El estudio procura en alguna medida brindar al lector un panorama de lo que son las ONG, el marco en el cual se desenvuelven, objetivos y servicios que prestan a la sociedad y, con la información con que se cuenta, ofrecer una idea del rol que desempeñan estas organizaciones actualmente en nuestra sociedad. Se trata pues de un trabajo descriptivo, mediante el cual se pretende realizar una aportación al conocimiento de las ONG alternativas orientadas al desarrollo de la humanidad. También se pretende visualizar hacia dónde deben dirigirse los esfuerzos de estas organizaciones para evitar la duplicidad de funciones como efectivamente ha sucedido con lo que, lejos de brindar un beneficio para la población, se convierten en un desperdicio de recursos. HB/HMBQ  
650 |a ORGANIZACIONES NO GUBERNAMENTALES  
650 |a ASPECTOS ECONOMICOS  
650 |a ASPECTOS SOCIALES  
650 |a ASPECTOS POLITICOS  
650 |a DESARROLLO ECONOMICO Y SOCIAL  
650 |a PAISES EN DESARROLLO  
650 |a FINANCIAMIENTO  
773 |g volumen 3, número 1; páginas 41-45  
999 |c 27377  |d 27377